[Event "12 Ketrzynski Festiwal Szachowy - open A"]
[Site "Ketrzyn"]
[Date "2009.12.27"]
[Round "1.1"]
[White "Dambrauskas, Virginijus"]
[Black "Baturo, Tomasz"]
[Result "1-0"]
[WhiteElo "2364"]
[BlackElo "2053"]
[PlyCount "117"]
[EventDate "2009.??.??"]

1. d4 Nf6 2. c4 e6 3. Nf3 Bb4+ 4. Bd2 Bxd2+ 5. Qxd2 d6 6. Nc3 Qe7 7. g3 Nc6 8.
Bg2 O-O 9. O-O e5 10. d5 Nb8 11. b4 a5 12. a3 axb4 13. axb4 Rxa1 14. Rxa1 Na6
15. Qb2 h6 16. Nd2 Nd7 17. e4 Nb6 18. Nd1 c6 19. Ne3 Qc7 20. Rb1 cxd5 21. cxd5
Na4 22. Qb3 Nc3 23. Re1 Bd7 24. Bf1 Nb5 25. Nf3 Qc3 26. Qxc3 Nxc3 27. Nc4 Bg4
28. Nfd2 Rd8 29. Na5 Nxb4 30. Nxb7 Rd7 31. Na5 Ra7 32. Nac4 Ra2 33. f3 Bd7 34.
Rc1 Nb5 35. Rb1 Nc2 36. Rb2 Rxb2 37. Nxb2 Kf8 38. Nbc4 Ke7 39. Nb6 Nbd4 40.
Nxd7 Kxd7 41. Kf2 g6 42. f4 exf4 43. gxf4 f6 44. Bh3+ Ke7 45. Nc4 Nb4 46. Ke3
Nb5 47. Nb6 Kd8 48. Bf1 Nc3 49. Kd4 Nd1 50. Nc4 Ke7 51. Be2 Nf2 52. Ke3 Nh3 53.
Bf1 Nxf4 54. Kxf4 Nc2 55. Bd3 Nd4 56. Na5 f5 57. exf5 Nxf5 58. Bxf5 gxf5 59.
Kxf5 1-0

[Event "12 Ketrzynski Festiwal Szachowy - open A"]
[Site "Ketrzyn"]
[Date "2009.12.27"]
[Round "1.2"]
[White "Vaitonis, Vytautas"]
[Black "Budrewicz, Krzysztof"]
[Result "1/2-1/2"]
[WhiteElo "2051"]
[BlackElo "2317"]
[PlyCount "68"]
[EventDate "2009.??.??"]

1. d4 Nf6 2. Nf3 g6 3. c4 Bg7 4. g3 O-O 5. Bg2 d6 6. O-O Nc6 7. Nc3 a6 8. Re1
Rb8 9. d5 Na5 10. Nd2 c5 11. h3 b5 12. cxb5 axb5 13. a4 b4 14. Nb5 Ba6 15. e4
Nd7 16. Bf1 Ra8 17. Rb1 Nb6 18. b3 e6 19. Nc4 Bxb5 20. axb5 Naxc4 21. Bxc4 exd5
22. exd5 Ra2 23. Re2 Rxe2 24. Qxe2 Re8 25. Qf1 h5 26. h4 Qa8 27. Bf4 Nxd5 28.
Bxd6 Bd4 29. Re1 Rd8 30. Bxd5 Qxd5 31. Bc7 Rc8 32. b6 Qd7 33. b7 Qxc7 34.
bxc8=Q+ Qxc8 1/2-1/2

[Event "12 Ketrzynski Festiwal Szachowy - open A"]
[Site "Ketrzyn"]
[Date "2009.12.27"]
[Round "1.3"]
[White "Szymczak, Zbigniew"]
[Black "Obiedzinski, Pawel"]
[Result "1-0"]
[WhiteElo "2280"]
[BlackElo "2019"]
[PlyCount "97"]
[EventDate "2009.??.??"]

1. d4 d5 2. c4 c5 3. cxd5 Nf6 4. Nf3 e6 5. dxe6 Bxe6 6. Nc3 Nc6 7. e3 cxd4 8.
Nxd4 Bb4 9. Qa4 Bd7 10. Nxc6 Bxc3+ 11. bxc3 Bxc6 12. Bb5 O-O 13. Bxc6 bxc6 14.
O-O Qd3 15. Ba3 Rfc8 16. Rfd1 Qxc3 17. Rac1 Qe5 18. Rxc6 h5 19. h3 Qe4 20. Qxe4
Nxe4 21. Rdc1 Rxc6 22. Rxc6 Rd8 23. f3 Rd1+ 24. Kh2 Nd2 25. Kg3 g5 26. Be7 Nf1+
27. Kf2 Nxe3 28. Bxg5 Nd5 29. Ra6 f6 30. Bxf6 Nxf6 31. Rxf6 Rd2+ 32. Kg1 Rxa2
33. Rf5 Kg7 34. Rxh5 Kf6 35. Kh2 a5 36. Kg3 Ke6 37. h4 a4 38. Kg4 a3 39. Ra5
Ra1 40. h5 Kf6 41. Kf4 a2 42. g4 Kg7 43. g5 Kf7 44. h6 Kg8 45. g6 Kf8 46. Ra8+
Ke7 47. h7 Rh1 48. Rxa2 Rh4+ 49. Kg5 1-0

[Event "12 Ketrzynski Festiwal Szachowy - open A"]
[Site "Ketrzyn"]
[Date "2009.12.27"]
[Round "1.4"]
[White "Kotlowski, Tomasz"]
[Black "Piesik, Piotr"]
[Result "1/2-1/2"]
[WhiteElo "2019"]
[BlackElo "2270"]
[PlyCount "121"]
[EventDate "2009.??.??"]

1. e4 Nc6 2. Nf3 d6 3. d4 Bg4 4. Be2 g6 5. d5 Bxf3 6. gxf3 Ne5 7. f4 Nd7 8. Qd4
f6 9. b4 Bg7 10. c4 c5 11. dxc6 bxc6 12. Bb2 Qb6 13. Qxb6 Nxb6 14. a4 Rb8 15.
a5 Nxc4 16. Bxc4 Rxb4 17. Bxg8 Rxb2 18. Be6 f5 19. Nd2 fxe4 20. Ke2 Bc3 21. Ra2
Rxa2 22. Bxa2 Bxa5 23. Rb1 Bb6 24. Nc4 Kd7 25. Nxb6+ axb6 26. Rxb6 d5 27. f3
Ra8 28. Bb1 exf3+ 29. Kxf3 Kc7 30. Rb2 Kd6 31. Kg4 c5 32. Rb6+ Kc7 33. Re6 Kd7
34. Rb6 Kc7 35. Re6 Rb8 36. Rxe7+ Kd6 37. Re1 c4 38. f5 gxf5+ 39. Bxf5 d4 40.
Bxh7 Rh8 41. Re4 Rxh7 42. Rxd4+ Kc5 43. Rd2 c3 44. Rc2 Kd4 45. h4 Kd3 46. Rc1
Kd2 47. Rh1 c2 48. h5 Kd3 49. Kg5 Rb7 50. Rc1 Rb5+ 51. Kg6 Rb6+ 52. Kg7 Rb7+
53. Kg6 Rb6+ 54. Kg7 Rb7+ 55. Kg6 Rb1 56. Rxc2 Kxc2 57. h6 Kd3 58. h7 Rh1 59.
Kg7 Ke4 60. h8=Q Rxh8 61. Kxh8 1/2-1/2

[Event "12 Ketrzynski Festiwal Szachowy - open A"]
[Site "Ketrzyn"]
[Date "2009.12.27"]
[Round "1.5"]
[White "Drozdowski, Kacper"]
[Black "Kaczmarek, Arkadiusz"]
[Result "1/2-1/2"]
[WhiteElo "2198"]
[BlackElo "2019"]
[PlyCount "86"]
[EventDate "2009.??.??"]

1. e4 d5 2. exd5 Nf6 3. Bb5+ Bd7 4. Bc4 Bg4 5. f3 Bc8 6. Nc3 Nbd7 7. Qe2 Nb6 8.
d3 Nfxd5 9. Bd2 e6 10. O-O-O Bb4 11. Bxd5 Nxd5 12. Nxd5 Bxd2+ 13. Qxd2 Qxd5 14.
Kb1 e5 15. Ne2 Be6 16. Nc3 Qa5 17. a3 O-O 18. h4 b5 19. Ne4 Qb6 20. Qc3 Rfd8
21. h5 h6 22. g4 f6 23. Qc5 Rd5 24. Qxb6 cxb6 25. Rhe1 a6 26. Nc3 Rd6 27. d4
exd4 28. Ne4 Rc6 29. Rxd4 Re8 30. Kc1 Bf7 31. Rh1 Re5 32. Ng3 Be6 33. c3 Re3
34. Rf1 Bc4 35. Kd2 Re5 36. Re1 Rxe1 37. Kxe1 Be6 38. Ne2 Kf7 39. Rd8 Ke7 40.
Ra8 a5 41. Nf4 Rc5 42. Rb8 Bd7 43. Rxb6 Kd8 1/2-1/2

[Event "12 Ketrzynski Festiwal Szachowy - open A"]
[Site "Ketrzyn"]
[Date "2009.12.27"]
[Round "1.6"]
[White "Czaus, Piotr"]
[Black "Gawronski, Miroslaw"]
[Result "1-0"]
[WhiteElo "2007"]
[BlackElo "2193"]
[PlyCount "125"]
[EventDate "2009.??.??"]

1. d4 d5 2. c4 dxc4 3. e3 Nf6 4. Bxc4 a6 5. a4 Nc6 6. Nf3 Bf5 7. O-O e6 8. Bd2
Bd6 9. Nc3 Qe7 10. Qe2 e5 11. d5 Nb8 12. e4 Bg6 13. Bg5 h6 14. Bh4 Nbd7 15. Nd2
Bh5 16. f3 g5 17. Bg3 Bg6 18. Ba2 Nh5 19. Nc4 Bc5+ 20. Bf2 Nf4 21. Qd2 Bb4 22.
Rfd1 Qf6 23. d6 c6 24. Qc2 Rd8 25. a5 Nc5 26. Nxe5 Rxd6 27. Ng4 Qd8 28. Rxd6
Qxd6 29. Rd1 Qc7 30. Bd4 Rf8 31. Be5 Qxa5 32. Nf6+ Ke7 33. Bd6+ Kxf6 34. Bxf8
Ncd3 35. Bxb4 Nxb4 36. Qf2 Kg7 37. Qd4+ Kh7 38. Bb3 c5 39. Qf6 Nh5 40. Qd6 Nc6
41. Bd5 Nd4 42. Qd7 Nf6 43. Qxb7 Nxd5 44. exd5 Qd8 45. Qxa6 g4 46. fxg4 Qg5 47.
h3 h5 48. Rf1 hxg4 49. Qf6 Qh5 50. hxg4 Qh6 51. g5 Qh4 52. Qf4 Qxf4 53. Rxf4
Kg7 54. Kf2 Kf8 55. Na4 Nb3 56. Ke3 Ke7 57. Rf6 Kd7 58. Rb6 c4 59. Rc6 Na5 60.
Nb6+ Kd8 61. Rc5 Nb7 62. Rc8+ Ke7 63. Rc7+ 1-0

[Event "12 Ketrzynski Festiwal Szachowy - open A"]
[Site "Ketrzyn"]
[Date "2009.12.27"]
[Round "1.7"]
[White "Zielinski, Stanislaw"]
[Black "Reza, Wojciech"]
[Result "1-0"]
[WhiteElo "2159"]
[BlackElo "1926"]
[PlyCount "86"]
[EventDate "2009.??.??"]

1. e4 c5 2. Nc3 Nc6 3. f4 e6 4. Bc4 a6 5. a4 d6 6. Nf3 Nf6 7. d3 Be7 8. O-O d5
9. Ba2 b5 10. axb5 axb5 11. exd5 exd5 12. Bd2 c4 13. Nxb5 Qb6+ 14. Kh1 Qxb5 15.
Bxc4 Qb7 16. Rxa8 Qxa8 17. Bb5 O-O 18. Qe1 Bd8 19. Bc3 Bb7 20. Qg3 Qc8 21. h3
Nh5 22. Qe1 d4 23. Bd2 Qf5 24. Ba4 Nf6 25. Kh2 Bb6 26. Qh4 Qh5 27. Qg3 Ne7 28.
Ne5 Bc7 29. Kg1 Nf5 30. Qf2 Qh4 31. Be1 Qxf2+ 32. Bxf2 Ra8 33. Bb3 Bd5 34. Bc4
Bxc4 35. dxc4 Ra2 36. Nd3 h5 37. Re1 Ra8 38. b4 Kf8 39. b5 Nd6 40. b6 Bxb6 41.
c5 Ba5 42. Ra1 Nc4 43. Bxd4 Nd5 1-0

[Event "12 Ketrzynski Festiwal Szachowy - open A"]
[Site "Ketrzyn"]
[Date "2009.12.27"]
[Round "1.8"]
[White "Barsciauskas, Gintautas"]
[Black "Usakovas, Jevgenijus"]
[Result "0-1"]
[WhiteElo "1904"]
[BlackElo "2139"]
[PlyCount "120"]
[EventDate "2009.??.??"]

1. d3 d5 2. Nd2 Nf6 3. e4 e5 4. Be2 Nc6 5. c3 Be7 6. Ngf3 O-O 7. O-O Bg4 8. Ne1
Be6 9. g3 Qd7 10. Ng2 Bh3 11. Qc2 Rad8 12. Nf3 h6 13. b4 a6 14. a4 b5 15. Bd2
Rb8 16. Rfb1 Rfd8 17. axb5 axb5 18. Ra6 Bg4 19. Be1 Qe8 20. Ne3 Be6 21. Nh4 Ra8
22. Raa1 Rxa1 23. Rxa1 Ra8 24. Rb1 Bf8 25. Nf3 Ra3 26. exd5 Nxd5 27. Nd1 Bf5
28. Nd2 Qd7 29. Ne4 Nb6 30. Ne3 Be6 31. Nc5 Bxc5 32. bxc5 Nc8 33. Bf3 N6e7 34.
Qd1 c6 35. Nc2 Ra4 36. Nb4 Nd5 37. Qe2 Nxb4 38. cxb4 Bd5 39. Bc3 Bxf3 40. Qxf3
f6 41. Qe4 Ne7 42. Kg2 Qd5 43. Rb2 Ra3 44. Rc2 Kf7 45. f4 f5 46. Qxd5+ Nxd5 47.
Bd2 exf4 48. gxf4 Rxd3 49. Rb2 Ke6 50. Kf2 Nf6 51. Be1 Ne4+ 52. Kg1 Ra3 53. Kf1
g5 54. Bd2 Rd3 55. Be1 gxf4 56. Rg2 f3 57. Rg6+ Ke5 58. Rxc6 Rd1 59. Rd6 Nxd6
60. cxd6 Rxe1+ 0-1

[Event "12 Ketrzynski Festiwal Szachowy - open A"]
[Site "Ketrzyn"]
[Date "2009.12.27"]
[Round "1.9"]
[White "Puczylowski, Marcin"]
[Black "Kanarkiewicz, Michal"]
[Result "1/2-1/2"]
[WhiteElo "2084"]
[BlackElo "1898"]
[PlyCount "104"]
[EventDate "2009.??.??"]

1. e4 c5 2. c3 d5 3. exd5 Qxd5 4. d4 Nf6 5. Nf3 Bg4 6. Be2 e6 7. Na3 cxd4 8.
Nb5 Na6 9. Qa4 Nd7 10. Qxa6 bxa6 11. Nc7+ Kd8 12. Nxd5 exd5 13. Nxd4 Bxe2 14.
Kxe2 Bc5 15. Be3 Re8 16. Rhd1 Nb6 17. Kf1 Kd7 18. Nf5 Bxe3 19. Nxe3 Kc6 20. b3
Rad8 21. Rd3 Rd7 22. Rad1 a5 23. a4 Re4 24. f3 Re5 25. Kf2 f5 26. g3 g6 27. Nc2
Rde7 28. R1d2 a6 29. h4 h6 30. f4 Re4 31. Nd4+ Kc5 32. b4+ Kd6 33. h5 Nc4 34.
hxg6 Rxd4 35. cxd4 Nxd2 36. Rxd2 axb4 37. g4 Rg7 38. gxf5 Ke7 39. Kg3 Kf6 40.
Kg4 h5+ 41. Kxh5 Kxf5 42. Rg2 b3 43. Rg5+ Kf6 44. f5 b2 45. Rg1 Rb7 46. Rb1 Rb8
47. g7 Kxg7 48. Kg5 Rb4 49. a5 Rb5 50. f6+ Kf7 51. Kf5 Rb3 52. Ke5 Rb5 1/2-1/2

[Event "12 Ketrzynski Festiwal Szachowy - open A"]
[Site "Ketrzyn"]
[Date "2009.12.27"]
[Round "1.10"]
[White "Kapica, Pawel"]
[Black "Kobus, Sebastian"]
[Result "0-1"]
[WhiteElo "1833"]
[BlackElo "2074"]
[PlyCount "90"]
[EventDate "2009.??.??"]

1. d4 d5 2. c4 e6 3. Nc3 Nf6 4. cxd5 exd5 5. Bg5 Be7 6. e3 O-O 7. Bd3 h6 8. Bh4
b6 9. Nge2 Bb7 10. O-O Ne4 11. Bxe7 Qxe7 12. Nf4 Nxc3 13. bxc3 Nd7 14. c4 dxc4
15. Bxc4 Nf6 16. Qb3 Ne4 17. Rad1 Nd6 18. Bd5 Kh8 19. Rc1 Rac8 20. Qa4 a5 21.
Bxb7 Nxb7 22. Nd5 Qd8 23. Qc6 Nd6 24. Nxc7 Ne8 25. Ne6 Rxc6 26. Nxd8 Rc7 27. f3
Rxc1 28. Rxc1 Nd6 29. Nc6 Rc8 30. e4 h5 31. e5 Nf5 32. d5 Ne7 33. Nxe7 Rxc1+
34. Kf2 Rc7 35. d6 Rb7 36. f4 b5 37. f5 Rd7 38. Ng6+ Kg8 39. Ke3 fxg6 40. fxg6
Kf8 41. Kd4 Ke8 42. Kc5 a4 43. Kxb5 Rb7+ 44. Kxa4 Kd7 45. Ka5 Ke6 0-1

[Event "12 Ketrzynski Festiwal Szachowy - open A"]
[Site "Ketrzyn"]
[Date "2009.12.27"]
[Round "1.11"]
[White "Wisniewski, Adam"]
[Black "Renkowski, Piotr"]
[Result "0-1"]
[WhiteElo "2074"]
[BlackElo "1793"]
[PlyCount "130"]
[EventDate "2009.??.??"]

1. e4 e6 2. d4 d5 3. Nc3 Bb4 4. e5 c5 5. a3 Bxc3+ 6. bxc3 Qc7 7. Nf3 Ne7 8. Bd3
b6 9. O-O Ba6 10. a4 Bxd3 11. Qxd3 h6 12. Ba3 Nd7 13. c4 O-O 14. cxd5 Nxd5 15.
c4 Nf4 16. Qe4 Ng6 17. h4 Rfe8 18. h5 Ngf8 19. Rab1 Rac8 20. Rfc1 Qc6 21. Qxc6
Rxc6 22. d5 Rc7 23. Re1 f6 24. Bb2 exd5 25. exf6 Rxe1+ 26. Rxe1 Nxf6 27. Bxf6
gxf6 28. cxd5 Rd7 29. Rd1 Ne6 30. Nh4 Nd4 31. Ng6 Kf7 32. Nf4 a6 33. Kf1 b5 34.
axb5 axb5 35. g4 b4 36. Nd3 Rxd5 37. Nxc5 Rxc5 38. Rxd4 Rb5 39. Rd2 b3 40. Rb2
Ke6 41. Ke2 Ke5 42. Ke3 Rb6 43. f4+ Kd5 44. Kf3 Rb4 45. Kg3 Kc4 46. g5 fxg5 47.
fxg5 hxg5 48. h6 Kc3 49. h7 Rb8 50. Rb1 Kc2 51. Rh1 Rh8 52. Kg4 b2 53. Kxg5
Rxh7 54. Rxh7 b1=Q 55. Rc7+ Kd3 56. Rd7+ Ke4 57. Re7+ Kd5 58. Rf7 Qg1+ 59. Kf6
Qf2+ 60. Ke7 Qe3+ 61. Kf8 Kc6 62. Kg7 Kd6 63. Rf8 Ke7 64. Rf7+ Ke8 65. Kg8 Qe6
0-1

[Event "12 Ketrzynski Festiwal Szachowy - open A"]
[Site "Ketrzyn"]
[Date "2009.12.27"]
[Round "2.1"]
[White "Usakovas, Jevgenijus"]
[Black "Dambrauskas, Virginijus"]
[Result "1/2-1/2"]
[WhiteElo "2139"]
[BlackElo "2364"]
[PlyCount "65"]
[EventDate "2009.??.??"]

1. d4 d5 2. Nf3 c6 3. c4 e6 4. Nc3 f5 5. Bg5 Nf6 6. e3 Be7 7. Ne5 O-O 8. f4 a6
9. a3 b5 10. c5 a5 11. Be2 Bd7 12. O-O Be8 13. Nb1 h6 14. Bh4 g5 15. fxg5 Ne4
16. Nd2 Nxd2 17. Qxd2 hxg5 18. Bg3 Bf6 19. Rf2 Ra7 20. Raf1 Rh7 21. Bd3 Bh5 22.
Bc2 Ra7 23. Bb3 Bg7 24. Bc2 Bh6 25. h3 Qc8 26. Bh2 Nd7 27. g4 Nxe5 28. Bxe5 Bg6
29. Rf3 Rff7 30. R3f2 Bg7 31. Bd6 Bf8 32. Be5 Bg7 33. Bd6 1/2-1/2

[Event "12 Ketrzynski Festiwal Szachowy - open A"]
[Site "Ketrzyn"]
[Date "2009.12.27"]
[Round "2.2"]
[White "Kobus, Sebastian"]
[Black "Szymczak, Zbigniew"]
[Result "0-1"]
[WhiteElo "2074"]
[BlackElo "2280"]
[PlyCount "108"]
[EventDate "2009.??.??"]

1. e4 c5 2. Nf3 e6 3. d4 cxd4 4. Nxd4 a6 5. Nc3 b5 6. Be3 Bb7 7. f3 Qc7 8. Bd3
Nf6 9. O-O b4 10. Nce2 d5 11. e5 Nfd7 12. f4 Nc6 13. Kh1 g6 14. Nxc6 Bxc6 15.
Nd4 Nc5 16. Qg4 Be7 17. a3 bxa3 18. Rxa3 Nxd3 19. Rxd3 Bb5 20. Nxb5 axb5 21.
Rc3 Qb7 22. Bf2 O-O 23. Rh3 Ra2 24. Bh4 Bxh4 25. Qxh4 f5 26. exf6 Rxb2 27. Qe1
Rxc2 28. Qxe6+ Qf7 29. Qb6 Qxf6 30. Qxb5 Rd2 31. Rhf3 Qf5 32. h3 Qe4 33. f5
Rxf5 34. Qb8+ Kg7 35. Qc7+ Kh6 36. Qc5 d4 37. Qd6 Re2 38. Qg3 Re3 39. Qf2 Rfxf3
40. gxf3 Qf4 41. Qd2 g5 42. Qc2 d3 43. Qc6+ Kh5 44. Qd7 h6 45. Kg2 Kh4 46. Qg4+
Qxg4+ 47. hxg4 Re2+ 48. Kg1 Kg3 49. f4 gxf4 50. g5 hxg5 51. Ra1 d2 52. Kf1 f3
53. Rb1 Rh2 54. Kg1 f2+ 0-1

[Event "12 Ketrzynski Festiwal Szachowy - open A"]
[Site "Ketrzyn"]
[Date "2009.12.27"]
[Round "2.3"]
[White "Renkowski, Piotr"]
[Black "Zielinski, Stanislaw"]
[Result "1-0"]
[WhiteElo "1793"]
[BlackElo "2159"]
[PlyCount "89"]
[EventDate "2009.??.??"]

1. e4 e5 2. Nf3 Nc6 3. Bc4 Bc5 4. Nc3 d6 5. d3 Nf6 6. Bg5 h6 7. Bxf6 Qxf6 8.
Nd5 Qd8 9. c3 O-O 10. b4 Bb6 11. O-O Bg4 12. Ne3 Be6 13. Bb3 Re8 14. Qd2 Bxe3
15. fxe3 Bxb3 16. axb3 d5 17. exd5 Qxd5 18. c4 Qd6 19. b5 Ne7 20. d4 Ng6 21.
Qc3 c6 22. bxc6 Qxc6 23. d5 Qd7 24. e4 b6 25. Ra6 Qg4 26. Qc2 Nf4 27. Kh1 f5
28. exf5 e4 29. Ne1 e3 30. f6 gxf6 31. Rf3 Kh8 32. Qc3 Re5 33. Qd4 Nh3 34. Qxg4
Nf2+ 35. Kg1 Nxg4 36. h3 Nf2 37. Rxf6 Kg7 38. Rfxb6 axb6 39. Rxa8 Ne4 40. Rb8
e2 41. Rb7+ Kg8 42. Rxb6 Rf5 43. Nc2 h5 44. Re6 Ng3 45. Rg6+ 1-0

[Event "12 Ketrzynski Festiwal Szachowy - open A"]
[Site "Ketrzyn"]
[Date "2009.12.27"]
[Round "2.5"]
[White "Piesik, Piotr"]
[Black "Vaitonis, Vytautas"]
[Result "1-0"]
[WhiteElo "2270"]
[BlackElo "2051"]
[PlyCount "99"]
[EventDate "2009.??.??"]

1. Nf3 Nf6 2. g3 g6 3. Bg2 Bg7 4. O-O O-O 5. d4 d6 6. Nbd2 c6 7. e4 Qc7 8. Qe2
e5 9. dxe5 dxe5 10. b3 Bg4 11. a4 Re8 12. Nc4 Nbd7 13. Ne3 Bxf3 14. Bxf3 Nc5
15. Nc4 Ne6 16. c3 Bf8 17. b4 b5 18. Ne3 a6 19. Bg2 Bg7 20. Bb2 h5 21. Ra2 Rad8
22. axb5 axb5 23. Rfa1 Re7 24. f3 h4 25. Bc1 hxg3 26. hxg3 Nh5 27. Nf1 Qd6 28.
Rd2 Qc7 29. Rxd8+ Qxd8 30. Bh3 Kh7 31. Be3 Bh6 32. Bxh6 Kxh6 33. Bxe6 Rxe6 34.
Qe3+ Kg7 35. Qc5 Qd6 36. Ra6 Qxc5+ 37. bxc5 f5 38. Kg2 fxe4 39. fxe4 Nf6 40.
Nd2 Kf7 41. Kf3 g5 42. Nb3 g4+ 43. Ke3 Nh5 44. Na5 Rf6 45. Nxc6 Rf3+ 46. Kd2
Rxg3 47. Nxe5+ Ke7 48. c6 Kd8 49. Ra8+ Kc7 50. Ra7+ 1-0

[Event "12 Ketrzynski Festiwal Szachowy - open A"]
[Site "Ketrzyn"]
[Date "2009.12.27"]
[Round "2.6"]
[White "Kanarkiewicz, Michal"]
[Black "Drozdowski, Kacper"]
[Result "1/2-1/2"]
[WhiteElo "1898"]
[BlackElo "2198"]
[PlyCount "93"]
[EventDate "2009.??.??"]

1. e4 d5 2. exd5 Qxd5 3. Nc3 Qd6 4. d4 Nf6 5. Nf3 c6 6. Bc4 Be6 7. Bxe6 Qxe6+
8. Qe2 Qf5 9. Ne5 Nbd7 10. f4 h5 11. Be3 e6 12. O-O-O Bb4 13. Rhf1 Bxc3 14.
bxc3 Qe4 15. Qd3 Qxd3 16. cxd3 g6 17. Kd2 Ng4 18. Rb1 b6 19. Nxc6 Rc8 20. Ne5
Nxh2 21. Rfc1 Ng4 22. Nxg4 hxg4 23. Rh1 Ke7 24. Bf2 Nb8 25. Rh4 Rxh4 26. Bxh4+
f6 27. Bg3 Rh8 28. c4 Nc6 29. c5 Nxd4 30. cxb6 axb6 31. Bf2 Nf5 32. Bxb6 Rh2
33. a4 Rxg2+ 34. Kc3 Kd7 35. a5 Kc6 36. a6 Ra2 37. a7 Nd6 38. Kb3 Ra6 39. Bd4
f5 40. Re1 g3 41. Rxe6 Kd5 42. Rxg6 Kxd4 43. Rxd6+ Rxd6 44. a8=Q Ke3 45. Qg2
Rxd3+ 46. Kc4 Rd4+ 47. Kc5 1/2-1/2

[Event "12 Ketrzynski Festiwal Szachowy - open A"]
[Site "Ketrzyn"]
[Date "2009.12.27"]
[Round "2.7"]
[White "Kaczmarek, Arkadiusz"]
[Black "Puczylowski, Marcin"]
[Result "0-1"]
[WhiteElo "2019"]
[BlackElo "2084"]
[PlyCount "118"]
[EventDate "2009.??.??"]

1. d4 e6 2. c4 Bb4+ 3. Nc3 Bxc3+ 4. bxc3 Nf6 5. c5 O-O 6. Bg5 h6 7. Bxf6 Qxf6
8. e4 b6 9. cxb6 axb6 10. Bd3 e5 11. Nf3 d6 12. h3 Nc6 13. d5 Nb8 14. Nd2 Ba6
15. c4 Bc8 16. Nf1 Na6 17. Ne3 Nc5 18. Bc2 Bd7 19. Nf1 Ra3 20. Ng3 Rfa8 21. O-O
Rxa2 22. Rxa2 Rxa2 23. Qb1 Ra8 24. Qb2 Qg5 25. Kh1 Qd2 26. Qc1 Qxc1 27. Rxc1
Ra3 28. Bb1 Ra1 29. Kg1 Nb3 30. Rd1 Ba4 31. Bc2 Ra2 32. Bb1 Rd2 33. Re1 Rd4 34.
Nf5 Rxc4 35. Bd3 Rc3 36. Be2 Rc1 37. Rxc1 Nxc1 38. Bf1 Kf8 39. f3 b5 40. Ne3
Ke7 41. Kf2 b4 42. Nc4 Bb5 43. Nb2 Bxf1 44. Kxf1 Na2 45. Ke2 Nc3+ 46. Kd2 Nb5
47. Nd3 b3 48. Nb4 Nd4 49. Kc3 Ne2+ 50. Kxb3 Nf4 51. g3 Nxh3 52. Nc2 Ng1 53.
Ne1 Ne2 54. g4 Kf6 55. Kc4 Kg5 56. Kd3 Nd4 57. Ke3 g6 58. Nd3 Nb3 59. Nb4 Nc5
0-1

[Event "12 Ketrzynski Festiwal Szachowy - open A"]
[Site "Ketrzyn"]
[Date "2009.12.27"]
[Round "2.8"]
[White "Gawronski, Miroslaw"]
[Black "Kotlowski, Tomasz"]
[Result "0-1"]
[WhiteElo "2193"]
[BlackElo "2019"]
[PlyCount "139"]
[EventDate "2009.??.??"]

1. d4 g6 2. c4 Bg7 3. e4 d6 4. Nc3 Nc6 5. Nge2 e5 6. d5 Nce7 7. Ng3 f5 8. exf5
Nxf5 9. Nxf5 Bxf5 10. g4 Bd7 11. h3 Nh6 12. Be3 Qh4 13. Bg2 O-O 14. Ne4 Nf7 15.
Qd2 Qe7 16. O-O b6 17. b4 a5 18. a3 Rfb8 19. c5 axb4 20. c6 Be8 21. axb4 Qd8
22. f3 h6 23. Rfc1 Rxa1 24. Rxa1 Kh7 25. Ra7 Bf8 26. Bf1 Be7 27. Qa2 Ng5 28.
Nxg5+ Bxg5 29. Bxg5 hxg5 30. Bd3 Bf7 31. Be4 Qc8 32. Kg2 Kg7 33. Kf2 Kh7 34.
Ke2 Kg7 35. Kd3 Qd8 36. Kc3 Rc8 37. Qa1 Qh8 38. Qa6 Qh4 39. Qe2 Qxh3 40. Kc4
b5+ 41. Kxb5 Qh1 42. Kc4 Qg1 43. Ra5 Qd4+ 44. Kb3 Rb8 45. Qe1 Qb6 46. Kc2 Rh8
47. Qd2 Qg1 48. Kb3 Rh2 49. Qc3 Qd1+ 50. Kc4 Rd2 51. Qa1 Qe2+ 52. Kb3 Rd4 53.
Ka4 Qc4 54. Rb5 Bxd5 55. Bxd5 Rxd5 56. Rxd5 Qxd5 57. Qc3 Kf6 58. Qc2 Qxf3 59.
b5 Qxg4+ 60. Ka3 Qd4 61. Qb3 g4 62. Qg8 Qb6 63. Ka4 e4 64. Qf8+ Ke5 65. Qe8+
Kd5 66. Qxg6 Kc5 67. Qxg4 Qxb5+ 68. Ka3 Qd3+ 69. Kb2 Kxc6 70. Qe6 0-1

[Event "12 Ketrzynski Festiwal Szachowy - open A"]
[Site "Ketrzyn"]
[Date "2009.12.27"]
[Round "2.9"]
[White "Reza, Wojciech"]
[Black "Wisniewski, Adam"]
[Result "1-0"]
[WhiteElo "1926"]
[BlackElo "2074"]
[PlyCount "67"]
[EventDate "2009.??.??"]

1. e4 e6 2. d4 d5 3. Nc3 Bb4 4. a3 Bxc3+ 5. bxc3 dxe4 6. Qg4 Nf6 7. Qxg7 Rg8 8.
Qh6 Rg6 9. Qe3 Nbd7 10. Ne2 b6 11. Nf4 Rg8 12. Bc4 Bb7 13. Qh3 Qe7 14. O-O
O-O-O 15. a4 Qd6 16. a5 Kb8 17. axb6 axb6 18. Ne2 Rg4 19. Ng3 Rdg8 20. Be2 R4g6
21. Rd1 Ng4 22. c4 e3 23. Bxe3 Nxe3 24. fxe3 Nf6 25. c5 bxc5 26. Rdb1 Kc8 27.
Ra7 Bd5 28. Ra6 Qe7 29. Bd3 Rg4 30. c4 Bb7 31. Ra7 Bc6 32. d5 Qd6 33. dxc6 Qxc6
34. Be2 1-0

[Event "12 Ketrzynski Festiwal Szachowy - open A"]
[Site "Ketrzyn"]
[Date "2009.12.27"]
[Round "2.10"]
[White "Baturo, Tomasz"]
[Black "Barsciauskas, Gintautas"]
[Result "1-0"]
[WhiteElo "2053"]
[BlackElo "1904"]
[PlyCount "53"]
[EventDate "2009.??.??"]

1. e4 d6 2. d4 Nd7 3. Nf3 e5 4. dxe5 dxe5 5. Bc4 c6 6. c3 Be7 7. b4 Ngf6 8. Ng5
O-O 9. Qb3 Qe8 10. Nd2 b5 11. Bd3 Nb6 12. Nf1 h6 13. Nf3 Be6 14. Qc2 Nfd7 15.
Ng3 Nc4 16. Bxc4 Bxc4 17. Nf5 Bf6 18. h4 Qe6 19. g4 Rfd8 20. g5 hxg5 21. hxg5
Be7 22. N3h4 Nf8 23. f3 Qd7 24. Be3 g6 25. Qh2 Ne6 26. Nxg6 fxg6 27. Qh8+ 1-0

[Event "12 Ketrzynski Festiwal Szachowy - open A"]
[Site "Ketrzyn"]
[Date "2009.12.27"]
[Round "2.11"]
[White "Obiedzinski, Pawel"]
[Black "Kapica, Pawel"]
[Result "1-0"]
[WhiteElo "2019"]
[BlackElo "1833"]
[PlyCount "53"]
[EventDate "2009.??.??"]

1. e4 c5 2. Nf3 d6 3. d4 cxd4 4. Qxd4 Nc6 5. Bb5 Bd7 6. Bxc6 Bxc6 7. Nc3 Nf6 8.
Bg5 e6 9. O-O-O Be7 10. Rhe1 O-O 11. Kb1 a6 12. Qd2 Rc8 13. Nd4 h6 14. h4 hxg5
15. hxg5 Nh5 16. f4 e5 17. Nxc6 Rxc6 18. g3 Nxg3 19. Qh2 exf4 20. Rh1 Nxh1 21.
Rxh1 f5 22. exf5 Rxc3 23. Qh7+ Kf7 24. Qg6+ Kg8 25. Qe6+ Rf7 26. g6 Qf8 27.
bxc3 1-0

[Event "12 Ketrzynski Festiwal Szachowy - open A"]
[Site "Ketrzyn"]
[Date "2009.12.28"]
[Round "3.1"]
[White "Szymczak, Zbigniew"]
[Black "Renkowski, Piotr"]
[Result "1/2-1/2"]
[WhiteElo "2280"]
[BlackElo "1793"]
[PlyCount "140"]
[EventDate "2009.??.??"]

1. Nf3 Nf6 2. c4 c5 3. Nc3 d6 4. g3 g6 5. Bg2 Bg7 6. O-O O-O 7. d4 cxd4 8. Nxd4
Nbd7 9. b3 Nb6 10. a4 Ne8 11. a5 Nd7 12. Be3 Nc7 13. a6 Nc5 14. axb7 Bxb7 15.
Bxb7 Nxb7 16. Qc2 Qd7 17. Rfd1 Rfc8 18. Ra2 a5 19. Na4 Nd5 20. Qd2 Nxe3 21.
Qxe3 Qd8 22. Rad2 Nc5 23. Nxc5 Rxc5 24. Ne6 Re5 25. Qxe5 Bxe5 26. Nxd8 Rxd8 27.
Rd5 Bc3 28. R1d3 Bb4 29. e4 Rc8 30. Kf1 Kf8 31. Rb5 Kg7 32. Ke2 Kf6 33. f4 Ke6
34. Rdd5 Rc7 35. g4 Kd7 36. Rb8 h6 37. Rdb5 Ke6 38. Rh8 Bc3 39. Rxh6 a4 40. Kd3
a3 41. f5+ Kf6 42. Rh8 a2 43. Ra8 a1=Q 44. Rxa1 Bxa1 45. h4 Be5 46. Rb8 Ra7 47.
Rg8 gxf5 48. exf5 Ra3 49. Ke4 e6 50. g5+ Ke7 51. f6+ Bxf6 52. gxf6+ Kxf6 53.
Rg3 Ra5 54. b4 Rh5 55. Rg4 d5+ 56. Kd4 dxc4 57. Kxc4 Ke7 58. b5 Kd6 59. Kb4 Kc7
60. Ka5 Kb7 61. Rg7 Rxh4 62. Rxf7+ Kb8 63. Kb6 Rh8 64. Re7 Rg8 65. Rxe6 Rf8 66.
Ka6 Rh8 67. Rb6+ Ka8 68. Rb7 Rf8 69. b6 Rg8 70. Rh7 Re8 1/2-1/2

[Event "12 Ketrzynski Festiwal Szachowy - open A"]
[Site "Ketrzyn"]
[Date "2009.12.28"]
[Round "3.2"]
[White "Dambrauskas, Virginijus"]
[Black "Piesik, Piotr"]
[Result "1-0"]
[WhiteElo "2364"]
[BlackElo "2270"]
[PlyCount "51"]
[EventDate "2009.??.??"]

1. d4 c5 2. Nf3 cxd4 3. Nxd4 Nf6 4. c4 Nc6 5. Nc3 d5 6. cxd5 Nxd5 7. Nxc6 bxc6
8. Bd2 e5 9. Qa4 Qd7 10. Rd1 Be7 11. g3 Rb8 12. Bc1 Rb4 13. Qc2 Qf5 14. Qxf5
Bxf5 15. Bg2 Nxc3 16. Bxc6+ Kf8 17. bxc3 Rc4 18. Bd7 Bc2 19. Rd2 Rxc3 20. O-O
Bb4 21. a3 Ba5 22. Rd5 Bc7 23. Bd2 Be4 24. Bxc3 Bxd5 25. Bb4+ Kg8 26. Rc1 1-0